00672 2200241 4500001002100000005001700021008004100038020002200079035002500101040001200126082002300138084002300161090002300184100002200207245006400229250001100293260003300304300002200337650002000359700001700379850001200396990002200408INLIS00000000000352520150526141340.0  a978-602-7933-50-7 a0010-041500000000591 aYOPDYOG aDEP 899.2213 Suy B aDEP 899.2213 Suy B aDEP 899.2213 Suy B aSUYATNA PAMUNGKAS aBidadari kirmizic/ Suyatna pamungkas; editor, Addin Negara aCet. 1 aYogyakartabDiva Pressc2013 a301 hlm.b; 19 cm aFiksi Indonesia aAddin Negara aYOPDYOG aCB-D.11-2013-1695